000 00922cam a2200265u 4500
001 14859
003 BD-RjUL
005 20211208235715.0
008 140208s1927 enkae 000 0beng d
035 _a(BD-RjUL)14913
040 _aDLC
_cCarP
_dDLC
_dBD-RjUL
_beng
041 _aeng
082 0 0 _219
_a 954.03160924
_bTRL 1927
100 1 _aTrotter, Lionel J.
_q(Lionel James)
_946252
245 1 4 _aThe life of Hodson of Hodson's horse /
_c Lionel J.Trotter
260 _aLondon & Toronto :
_bJ. M. Dent & sons, Ltd. :
_aNew York :
_bE. P. Dutton & co,
_c1927
300 _axi, 306 p. :
_billus. (plan) ;
_c18 cm.
600 1 0 _aHodson, W. S. R.
_q(William Stephen Raikes),
_d1821-1858.
_946257
650 0 _aSikh War, 1845-1846.
_946254
650 0 _aSikh War, 1848-1849.
_946255
651 0 _aIndia
_xHistory
_ySepoy rebellion, 1857-1858.
_946256
942 _2ddc
_cBK
999 _c14859
_d14859